| 000 | 00908nam a2200301 i 4500 | ||
|---|---|---|---|
| 999 |
_c200429987 _d47913 |
||
| 001 | 200429987 | ||
| 003 | TR-AnTOB | ||
| 005 | 20251226090214.0 | ||
| 007 | ta | ||
| 008 | 040413s2001 tu 1 tur | ||
| 020 | _a9754641773 | ||
| 040 |
_aTR-AnTOB _beng _erda _cTR-AnTOB |
||
| 041 | 0 | _atur | |
| 050 | 0 | 0 |
_aKKX1771 _b.A98 2001 |
| 090 |
_aKKX1771 _b.A98 2001 |
||
| 100 | 1 |
_aTaşpınar Ayvaz, Sema _4author _9115841 |
|
| 245 | 1 | 0 |
_aMedeni yargılama hukukunda ispat sözleşmeleri / _cDr. Sema Taşpınar. |
| 246 | 3 | 4 | _aİspat sözleşmeleri |
| 264 | 1 |
_aAnkara : _bYetkin, _c2001. |
|
| 300 |
_a273 pages ; _c24 cm. |
||
| 336 |
_atext _2rdacontent. |
||
| 337 |
_aunmediated _2rdamedia. |
||
| 338 |
_avolume _2rdacarrier. |
||
| 504 | _aIncludes bibliographical reference and index. | ||
| 650 | 7 |
_aDelil (Hukuk) _zTürkiye _2etuturkob _9120636 |
|
| 942 |
_2lcc _cBK |
||